2010 Stanley Cup Playoffs - Statistics

General Stats
  • This quiz has been taken 699 times
  • The average score is 12 of 16
Answers on the Map
Answers color-coded by a green-red scale on the quiz's map according to % correct below.
 
Answer Stats
Team % Correct
Chicago Blackhawks
95%
Philadelphia Flyers
90%
Pittsburgh Penguins
90%
Boston Bruins
89%
Los Angeles Kings
86%
San Jose Sharks
84%
Montreal Canadiens
82%
Detroit Red Wings
81%
Washington Capitals
80%
Vancouver Canucks
77%
Nashville Predators
67%
New Jersey Devils
67%
Ottawa Senators
64%
Buffalo Sabres
62%
Colorado Avalanche
59%
Phoenix Coyotes
59%
No matching quizzes found
Score Distribution
Percent of People with Each Score
Percentile by Number Answered
Your Score History
You have not taken this quiz